86 Animes erraten mit deutscher Syncro - Statistiken

Allgemein
  • Dieses Quiz wurde 45 mal gespielt
  • Das Durchschnittsergebnis liegt bei 25 aus 86
Antwortstatistiken
Hint Antwort % Korrekt
Piratenzeitalter One Piece
97%
Detektiv Anime Detektiv Conan
85%
Titan Angriff Attack on Titan
82%
Notizbuch Death Note
82%
Ninja Naruto
79%
Kettensäge Chainsaw man
76%
Kugeln mit Sterne Dragonball
73%
Alchemie Full Metal Alchemist
73%
Ich will der aller beste sein... Pokemon
73%
Leben als Schwert Reincarnated as a Sword
70%
Mondstein Sailor Moon
70%
Atmungen Demon Slayer
67%
Sphären Entfaltung Jujutsu Kaisen
67%
Gefangen in VR Sword Art Online
67%
Schinigami Bleach
61%
Digitale Monster Digimon
61%
7 Tod Sünden Seven Deadly sins
61%
Töte den Lehrer Assassination Classroom
58%
4 Elemente Avatar
52%
Gefühlslose Elfe Frieren
48%
Miete eine Freundin Rent a Girlfriend
48%
Duell Yu-Gi-Oh
48%
Stärker werden durchs Leveln Solo Leveling
45%
Gourmet Küche Food Wars
42%
Durch Tod Checkpoint Re Zero
42%
Schild Power The Rising of the Shield Hero
42%
C.C. Code Geass
39%
Erfinder Dr. Stone
39%
Prüfung Für lizenz Hunter x Hunter
33%
Welt der Spiele No game No life
33%
Exorzismus Blue Exorcist
30%
Kinderheim Promised Neverland
30%
Geschlechter wechsel Ranma 1/2
30%
Schräge Familie Spy x Family
30%
My Darling Darling in the Franxx
27%
Apothekerin Die Tagebücher der Apothekerin
27%
Gefängnis Schule Prison school
27%
Götter VS Meschen Record of Ragnarok
27%
Geisterhände Elfen Lied
24%
Der Gral Fate
21%
Todeskandidaten Hells Paradise
21%
Perverser Demon Highschool DxD
21%
Aqua Konosuba
21%
Schwarze Kugeln Black Bullet
18%
Seele Verkauft Black Butler
18%
Abenteuergilde Fairy Tail
18%
Prügellein Wind Breaker
18%
Schule im Totenreich Angel Beats
15%
Explosions Engel Burst Angel
15%
Geister & Aliens Dan Da Dan
15%
Dates und Küssen Date a live
15%
Das Tor Gate
15%
Yggdrasil Overlord
15%
Stein Tor Steines Gate
15%
Glücksspiel Kakegurui
12%
Kaiserstadt Akame Ga Kill
9%
Übervorsichtig Cautious Hero
9%
PvP Darwin's Game
9%
Buch von Zero Grimoire of Zero
9%
Nachhilfe Lehrer 5 Schwestern The Quintessential Quintuplets
9%
Mio & Maria The Testament of sister new Devil
9%
Die 7 Hexen Yamada Kun And the seven Witches
9%
Volleyball Haiyku
6%
Grundschul-Killerin Higurashi no Naku Koro Ni
6%
Männliches Magical Girl Is this a Zombie
6%
Alice Pandora Hearts
6%
Krank (Gestört) Redo of Healer
6%
Geschwisterpaar Gestört Yosuga no Sora
6%
Magie Akademie Akashic Records
3%
Die 5 Sekunden Fesseln Battle Games in 5 seconds
3%
Verschiedene Fähigkeiten Charlotte
3%
Mädchenliebe Citrus
3%
Bestienkönig Clevatess
3%
Pristerlicher Dämonenkönig Demon King Daimao
3%
Verzweifelte Selbsttötung High-Rise Invasion
3%
Kraft durch Perveres Hybrid x Heart
3%
Verwandlung zur Frau Kämpfer
3%
Silbering Hexe Land of Leadale
3%
Liebe "Kein bock" Romantic Killer
3%
Leichen Kuschler Ron Kamonohashi
3%
7 Tod Sünden Seven Mortal Sins
3%
Rote Haare Shakugan no Shana
3%
Fahigkeitenlos Talentless Nana
3%
Teufel & Heldin The Devil is a Part-timer
3%
Demonenkönig The Misfit of Demon King Academy
3%
2 Aussenseiter Toradora
3%
Keine übereinstimmenden Quizze gefunden
Verteilung der Resultate
Anzahl Personen mit jedem Resultat
Perzentil nach korrekt beantworteten Fragen
Ihre Resultats-Entwicklung
Sie haben dieses Quiz noch nicht gespielt